Loading...

Athijeevanam /

Bibliographic Details
Main Author: Somadasan, Ettumanoor
Language:Undetermined
Published: Kottayam : Current Books , 2013.
LEADER 00481nam a2200145Ia 4500
008 170722s9999 xx 000 0 und d
999 |c 153240  |d 153240 
020 |a 9788124019573 
084 |2 cc 
100 |a Somadasan, Ettumanoor 
245 |a Athijeevanam / 
260 |a Kottayam :  |b Current Books ,  |c 2013. 
300 |a 655 p. 
942 |c GEN 
952 |0 0  |1 0  |4 0  |6 O_323N365A_Q3  |7 0  |9 215705  |a LIB  |b LIB  |d 2014-11-27  |e D C Books  |l 2  |o O32,3N365,A Q3  |p 297332  |r 2019-11-29  |s 2019-10-19  |v 350.00  |w 2017-08-12  |y GEN